[Event "EU-ch 4th"]
[Site "Istanbul"]
[Date "2003.06.02"]
[Round "4"]
[White "Nevednichy, Vladislav"]
[Black "Malakhov, Vladimir"]
[Result "0-1"]
[WhiteElo "2569"]
[BlackElo "2672"]
[Annotator "Postny,E"]
[PlyCount "74"]
[EventDate "2003.05.30"]
[EventType "swiss"]
[EventRounds "13"]
[EventCountry "TUR"]
[SourceTitle "CBM 096"]
[Source "ChessBase"]
[SourceDate "2003.09.25"]
[SourceVersion "1"]
[SourceVersionDate "2003.09.25"]
[SourceQuality "1"]

1. e4 c5 2. Nf3 Nc6 3. Bb5 g6 4. Bxc6 dxc6 5. d3 Bg7 6. h3 Nf6 7. Nc3 Nd7 8.
Be3 e5 9. Qd2 h6 10. O-O Qe7 11. Ne2 $6 $146 {This novelty connected with
dubious plan. White's plan should be connected with Nh2 and f4 or with a3 and
b4.} (11. Nh2 Nf8 12. f4 exf4 13. Rxf4 Ne6 (13... Be6 {- see the game
Rublevsky,S-Vokarev,S/Azov 1996/CBM 56 [Makarichev]}) 14. Rf2 Nd4 15. Raf1 Be6
16. Ng4 (16. b3 {- see the game Pikula,D-Kovacevic,A/JUG-ch 2002/CBM 89 
[Postny]}) 16... Bxg4 (16... f5 $142) 17. hxg4 f6 18. b4 O-O-O 19. Ne2 Nxe2+
20. Rxe2 cxb4 21. Bxa7 $36 {1-0 Palac,M-Loncar,R/Zadar 2001/CBM 85 ext (46)}) (
11. a3 Nf8 (11... a5 12. Nh2 a4 13. f4 exf4 14. Bxf4 Ne5 15. Nf3 Nxf3+ 16. Rxf3
g5 17. Be3 O-O 18. Raf1 b6 $13 {0-1 Lerner,K-Tseitlin,M/ch-ISR, Tel Aviv ISR
2002 (54)}) 12. b4 Ne6 13. bxc5 (13. Na4 b6 14. Nh2 f5 15. f3 f4 16. Bf2 h5 17.
bxc5 b5 18. Nb2 g5 $15 {0-1 Ponomariov,R-Kramnik,V/XX SuperGM, Linares ESP
2003 (40)}) 13... Nxc5 14. Rfe1 Ne6 15. Ne2 h5 16. a4 O-O 17. Bh6 Bxh6 18. Qxh6
Qf6 19. a5 Bd7 20. Reb1 Rab8 21. Qd2 $14 {1-0 Spasov,V-Smirnov,P/Istanbul 2003/
CBM96_01 (54)}) 11... Nf8 12. c3 f5 $1 {Immediatly putting pressure on white's
position.} 13. exf5 Bxf5 14. b4 $2 {Too optimistic.} ({Stronger was} 14. Ng3
O-O-O 15. Nxf5 gxf5 16. Qe2 {with chances for both sides.}) 14... cxb4 15. cxb4
Rd8 $17 {[%csl Rd3]} 16. Bc5 Qc7 17. Ng3 (17. Bxf8 Rxd3 (17... Rxf8 $17) 18.
Bxg7 $5 Rxd2 19. Bxe5 Qe7 20. Bxh8 Rxe2 $17) 17... Bxd3 18. Rfe1 Ne6 19. Qe3 (
19. Rad1 Nxc5 20. bxc5 O-O $17) 19... Nxc5 20. bxc5 (20. Qxc5 b6 21. Qe3 O-O {
is also bad for white.}) 20... O-O 21. Rad1 $6 (21. Ne4 $142 $17) 21... Bc4 {
Now white is forced to go for a massive exchanges, which will leave in a very
bad endgame.} 22. Rxd8 Rxd8 23. Nxe5 Bxe5 24. Qxe5 Qxe5 25. Rxe5 Kf7 {This
endgame is lost for white due to pawn weaknesses on the queenside. Black's
pieces are excellently coordinated and he will quickly organize a passed pawn
on the queenside, which will decide the outcome of the game in his favour.} 26.
Ne4 (26. Re4 Rd1+ 27. Kh2 Rc1 $1 $19) 26... Bxa2 27. Nd6+ Kf6 28. f4 (28. Re2
Be6 29. Nxb7 Rb8 30. Nd6 a5 {[%csl Ga5]}) 28... b5 29. g4 (29. Ne4+ Kf7 30.
Nd6+ Kf8 $19) 29... b4 30. h4 Rb8 31. g5+ hxg5 32. hxg5+ Kg7 33. Kf2 (33. Re7+
Kf8 34. Rxa7 Bd5 $19 {[%csl Gb4]}) 33... b3 34. Re7+ Kf8 35. Rf7+ Kg8 36. Rd7
b2 37. Ne4 {The last chance is the drawing mechanism by Nf6, but black easily
prevents it...} Rf8 0-1

[Event "EU-ch 4th"]
[Site "Istanbul"]
[Date "2003.06.02"]
[Round "4"]
[White "Spasov, Vasil"]
[Black "Smirnov, Pavel"]
[Result "1-0"]
[WhiteElo "2555"]
[BlackElo "2615"]
[Annotator "Postny,E"]
[PlyCount "107"]
[EventDate "2003.05.30"]
[EventType "swiss"]
[EventRounds "13"]
[EventCountry "TUR"]
[SourceTitle "CBM 096"]
[Source "ChessBase"]
[SourceDate "2003.09.25"]
[SourceVersion "1"]
[SourceVersionDate "2003.09.25"]
[SourceQuality "1"]

1. e4 c5 2. Nf3 Nc6 3. Bb5 g6 4. Bxc6 dxc6 5. d3 Bg7 6. h3 Nf6 7. Nc3 Nd7 8.
Be3 e5 9. Qd2 h6 10. O-O Qe7 11. a3 Nf8 (11... b6 12. Ne2 Bb7 13. b4 Rd8 14.
Ng3 Ba6 15. Rfd1 Bc8 16. Rab1 Kf8 17. bxc5 Nxc5 18. d4 Kg8 19. Qc3 exd4 20.
Bxd4 Bxd4 21. Nxd4 $14 {1-0 Spasov,V-Grigore,G/Budapest 2000/CBM 78 (47)}) 12.
b4 Ne6 13. bxc5 $146 {[%mdl 8] Looks like an improvement over Ponomariov's
play.} (13. Na4 b6 14. Nh2 f5 15. f3 f4 16. Bf2 h5 17. bxc5 b5 18. Nb2 g5 $15 {
0-1 Ponomariov,R-Kramnik,V/XX SuperGM, Linares ESP 2003 (40)}) 13... Nxc5 14.
Rfe1 Ne6 15. Ne2 h5 16. a4 O-O 17. Bh6 $1 $14 {Correct decision. After the
exchange of dark-squared bishops black will not dare to make f7-f5 advance.}
Bxh6 18. Qxh6 Qf6 19. a5 Bd7 20. Reb1 Rab8 21. Qd2 Rfe8 $6 ({Stronger was} 
21... c5) 22. Qc3 {Black is now forced to move his knight from it's excellent
position.} Ng5 23. Nxg5 Qxg5 {[%csl Rh3][%cal Gd7h3]} 24. Kf1 Qe7 25. Qd2 Red8
26. Qe3 c5 27. c4 $1 {[%cal Ge2c3,Gc3d5]} Bc6 28. Nc3 Rd4 $1 29. Nd5 Bxd5 30.
cxd5 {[%csl Gd5] Strong passed pawn is the main factor, that determines
white's advantage.} Qd6 (30... c4 31. dxc4 Qc7 32. Rc1 Rxc4 33. Rxc4 Qxc4+ 34.
Kg1 $16) 31. Rb5 Kg7 32. Kg1 {Useful profylactic move.} b6 {Correctly trying
to get counterplay, before white will put more pressure on black's queenside.}
33. axb6 axb6 34. Ra7 Rb4 $6 {Black is striving for counterplay at any price,
but objectively this is wrong decision.} 35. Rxb4 cxb4 36. Qc1 Qc5 37. Qb2 Re8
38. Ra1 ({Why not} 38. Ra4 {[%csl Rb4] ?}) 38... Qb5 39. d4 exd4 40. Qxd4+ Kg8
41. Rb1 b3 42. d6 Kh7 43. f3 Rd8 44. e5 Rc8 45. Kh2 Qe2 {Black's last chance,
but insufficient.} 46. Qf4 (46. d7 Rd8 (46... Rc2 47. Rg1 $18 {[%csl Gd7]}) 47.
Qd6 (47. Rxb3 $2 Rxd7 $1 48. Qxd7 Qxe5+ $11) 47... b2 48. Qe7 Qc4 (48... Qc2
49. Qxf7+ Kh6 50. e6 Qxb1 51. e7 $18) 49. Rxb2 $18) 46... Kg8 47. Rxb3 $2 {
Missing the direct win.} (47. d7 Rd8 48. Qf6 Rxd7 49. Ra1 Qa2 50. Rxa2 bxa2 51.
e6 $18) 47... Rc2 48. Qg5 (48. Qg3 Qd1) 48... Qd1 49. Rb1 $2 {A spectacular
move, but objectively spoiles all white's remained advantage.} (49. Rxb6 Rc1
50. Rb2 Qg1+ 51. Kg3 Qe1+ 52. Rf2 h4+ (52... Rc2 53. d7 Qxf2+ 54. Kh2 Rd2 55.
d8=Q+ Rxd8 56. Qxd8+ Kh7 57. Qf6 $16) 53. Qxh4 Rc2 54. Qd4 Rxf2 55. Qxf2 Qxe5+
56. f4 Qxd6 $14) 49... Qxb1 50. d7 Rc1 $4 {Missing a chance to equalize.} (
50... Rxg2+ $1 51. Kxg2 (51. Qxg2 Qd3 {[%csl Rd7]}) 51... Qb2+ 52. Kg3 h4+ $1)
51. d8=Q+ Kh7 52. Qdd2 Rh1+ 53. Kg3 h4+ 54. Qxh4+ 1-0

[Event "RUS-CHN Summit Men 2nd"]
[Site "Moscow"]
[Date "2004.08.16"]
[Round "6"]
[White "Zvjaginsev, Vadim"]
[Black "Ni, Hua"]
[Result "1/2-1/2"]
[WhiteElo "2650"]
[BlackElo "2583"]
[Annotator "Postny,E"]
[PlyCount "130"]
[EventDate "2004.08.10"]
[EventType "schev"]
[EventRounds "6"]
[EventCountry "RUS"]
[SourceTitle "CBM 103"]
[Source "ChessBase"]
[SourceDate "2004.11.11"]
[SourceVersion "1"]
[SourceVersionDate "2004.11.11"]
[SourceQuality "1"]
[WhiteTeam "Russia"]
[BlackTeam "China"]
[WhiteTeamCountry "RUS"]
[BlackTeamCountry "CHN"]

1. e4 c5 2. Nf3 Nc6 3. Bb5 g6 4. O-O ({The main alternative is} 4. Bxc6) 4...
Bg7 5. c3 Nf6 6. Re1 ({Other possible continuations are:} 6. Qa4 {--> 1/2-1/2
Svidler,P-Gelfand,B/Rethymnon 2003/CBM 98/[Erenburg] (30)}) (6. e5 Nd5 7. d4 {
--> 0-1 Vydeslaver,A-Fressinet,L/Rethymnon 2003/CBM 98/[Erenburg] (40)}) 6...
O-O 7. h3 {A useful move, and also waiting for black to make a first step.} ({
Other popular continuation is} 7. d4 d5 8. e5) 7... e5 (7... Qb6 {--> 0-1
Stellwagen,D-Van Wely,L/Leeuwarden 2004/CBM 103 [Postny,E] (57)}) ({Another
common move is} 7... a6) 8. d4 {White is immediatly fighting for the centre. A
quiter continuations for a long-term struggle are possible as well.} (8. a3 {
--> 1-0 Akobian,V-Kretchetov,A/Los Angeles 2003/CBM 97 [Erenburg] (39)}) (8. d3
{--> 0-1 Kristjansson,S-McShane,L/Selfoss 2002/CBM 92 [Rabinovich,Al] (27)})
8... cxd4 9. cxd4 Nxd4 (9... exd4 10. e5 Nd5 (10... Ne8 11. Bg5 f6 12. exf6
Bxf6 13. Bxf6 Qxf6 14. Nbd2 Nd6 15. Bd3 b6 16. Ne4 Nxe4 17. Bxe4 Bb7 $11 {
1/2-1/2 Belov,V-Kotronias,V/Kavala 2004/CBM 101 ext (25)}) 11. Bg5 Qc7 12. Qb3
Nb6 13. Nbd2 d5 14. Rac1 Bd7 15. Be7 Rfe8 16. Bd6 Qd8 17. Bxc6 Bxc6 18. Nxd4
$14 {1/2-1/2 Shaposhnikov,E-Zontakh,A/St Petersburg 1996/CBM 56 ext [Shipov] 
(46)}) 10. Nxd4 exd4 11. Qxd4 (11. e5 Ne8 12. Qxd4 d6 13. Nc3 Bf5 14. Qb4 a5
15. Qa4 Bxe5 16. Bh6 Bg7 17. Bxg7 Nxg7 18. Rad1 Be6 19. Qf4 d5 20. Qe5 Qb8 21.
Qg5 Qd8 22. Qe5 Qb8 23. Qg5 {1/2-1/2 Karjakin,S-Balashov,Y/Moscow 2002/CBM 88 
(23)}) 11... a6 ({Probably more reliable way for black is:} 11... d5 12. e5 Ne4
13. Nc3 (13. Nd2 Bf5 14. g4 Nxd2 15. Bxd2 Qh4 16. Bf4 Be4 17. Qe3 Qe7 18. Bd3
Bxe5 19. Bxe4 Bxf4 20. Qxf4 dxe4 21. Rxe4 Qd7 $11 {1/2-1/2 Kobalija,M-Bocharov,
D/Moscow 2004/CBM 100 (44)}) 13... Nxc3 14. bxc3 Qa5 15. a4 Be6 16. Ba3 Rfc8
17. Bb4 Qd8 18. a5 Bf8 19. Bf1 Rc7 20. Reb1 a6 21. Ra3 Rac8 $11 {1/2-1/2
Kobalija,M-Smirnov,P/Sochi 2004/CBM 101 (28)}) 12. Ba4 b5 (12... Re8 13. e5 b5
14. Bb3 d6 15. Rd1 Nh5 16. Qxd6 Bb7 17. e6 fxe6 18. Nc3 Qxd6 19. Rxd6 Kf7 20.
Bg5 Bf6 21. Bxf6 Nxf6 22. Re1 $16 {1-0 Kazhgaleyev,M-Kozul,Z/Luzern 1997/CBM
62 (65)}) 13. Bb3 d6 14. Nc3 {White is better from the strategical point of
view, thanks to the d6 weakness. Black's counterchances are connected with a
pressure against the Pe4.} Bb7 {[%csl Rd4][%cal Gf6e4]} 15. Qb4 Re8 16. Bf4 Bf8
$6 $146 {This move is too passive to be good.} (16... Qb6 $5 17. a4 (17. Bxd6
a5 18. Qxb5 Qxb5 19. Nxb5 Nxe4 $44) 17... Qc5 18. Bxd6 Qxb4 19. Bxb4 a5 20. Bd6
b4 21. Bd5 Nxd5 22. Nxd5 Bxd5 23. exd5 Red8 24. Be5 Rxd5 25. Bxg7 Kxg7 $11 {
0-1 Skripchenko,A-Kosintseva,T/Krasnoturinsk 2003/CBM 95 ext (54)}) 17. Bg5 $1
h6 (17... d5 $2 18. Qd4 {[%csl Rd5,Rf6]}) 18. Bxf6 {White goes for this
exchange in order to get full control of the d5 square.} Qxf6 19. Bd5 Rab8 20.
Bxb7 Rxb7 21. Nd5 $16 {[%csl Gd5]} Qd8 22. Rac1 Bg7 23. Rc6 a5 24. Qd2 Rb8 25.
b4 (25. b3 $143 Qh4 {[%csl Re4]}) 25... axb4 (25... Qh4 $6 26. bxa5 Rxe4 27.
Rxd6 {[%csl Ga5]}) 26. Qxb4 Qh4 27. Rxd6 $6 {Probably white should not be in a
hurry to grab the pawn, but try to play for positional domination instead. As
the continuation of the game shows, black holds the position with a pawn down.}
(27. Re2 $5) 27... Bf8 28. Qd4 Bxd6 29. Nf6+ Kf8 30. Qxd6+ Kg7 31. Nxe8+ Rxe8 {
White has won a pawn, but black keeps reasonable chances for a draw.} 32. Qd5 (
32. Qc5 Rd8 $1 (32... Rxe4 $2 33. Rxe4 Qxe4 34. Qxb5 {[%csl Ga2]}) 33. Qxb5 Rd2
{The same defensive idea appeared in the game...}) 32... Rc8 $1 {[%mdl 256]}
33. Qxb5 Rc2 34. Re2 (34. g3 Qf6 $1 (34... Qxh3 $6 35. Qe5+ Kh7 36. Rb1 $16
Rxa2 $4 37. Rb8 $18 {[%cal Re5h8,Ye5a1]}) 35. Re2 Qa1+ 36. Kg2 Qxa2 {leads to
a similar endgame, as in the game.}) 34... Rc1+ 35. Kh2 Qf4+ 36. g3 Qf3 37.
Qb2+ Kh7 38. Qxc1 Qxe2 39. Qf4 Qxa2 {This endgame is objectively drawish,
although black has to defend accurately.} 40. Qf6 Kg8 41. g4 Qe2 42. Qf4 h5 $1
{The exchange of pawns is recommended for the defending side.} 43. g5 Qd3 44.
Kg2 Qe2 45. Qb8+ Kg7 46. Qe5+ Kg8 47. Qd5 Qc2 48. e5 Qf5 49. Qd8+ Kh7 50. Qf6
Qe4+ 51. Kg3 Kg8 52. Kh2 Qd4 53. Kg2 Qe4+ 54. Kg3 Qd3+ {White is not able to
make a progress without centralizing his king, but then he will be exposed to
a perpetual check. The draw is inevitable.} 55. Qf3 Qd4 56. Qe3 Qd5 57. f3 Qc4
58. Qd2 Kg7 59. Qf4 Qc5 60. Qf6+ Kg8 61. e6 Qg1+ 62. Kf4 Qc1+ 63. Ke4 Qc2+ 64.
Kd5 Qb3+ 65. Kc5 Qa3+ 1/2-1/2

[Event "UKR-ch 73rd"]
[Site "Kharkov"]
[Date "2004.08.26"]
[Round "2.1"]
[White "Fedorchuk, Sergey A"]
[Black "Oleksienko, Mikhailo"]
[Result "0-1"]
[WhiteElo "2569"]
[BlackElo "2424"]
[Annotator "Postny,E"]
[PlyCount "52"]
[EventDate "2004.08.03"]
[EventType "k.o."]
[EventRounds "5"]
[EventCountry "UKR"]
[SourceTitle "CBM 103"]
[Source "ChessBase"]
[SourceDate "2004.11.11"]
[SourceVersion "1"]
[SourceVersionDate "2004.11.11"]
[SourceQuality "1"]

1. e4 c5 2. Nf3 Nc6 3. Bb5 g6 4. Bxc6 bxc6 ({More popular recapture is} 4...
dxc6) 5. O-O Bg7 6. Re1 Nh6 {The best way of development. Black's knight will
be transfered to a safe square f7.} 7. c3 (7. d4 $6 {--> 0-1 Howell,D-McShane,
L/Birmingham 2002 [Postny,E] (35)}) 7... O-O 8. h3 {A prophylactic and also a
waiting move. White does not want to reveal his plans yet. More popular line
is the immediate 8.d4.} (8. d4 cxd4 9. cxd4 d6 (9... d5 10. e5 {--> 1-0
Gallagher,J-Devereaux,M/Torquay 2002/CBM 91 [Rabinovich,Al] (41)}) 10. h3 f6
11. Nc3 Nf7 12. Be3 {--> 1-0 Baklan,V-Wagner,C/France 2003/CBM 94 [Oratovsky,M]
(54)}) 8... f6 (8... e5 9. d4 exd4 10. cxd4 cxd4 11. Nxd4 f5 {--> 0-1
Rublevsky,S-Sakaev,K/St Petersburg 2001/CBM 82 [Gershon] (23)}) 9. d4 cxd4 10.
cxd4 Nf7 {White has a nice pawns in the centre and comfortable development. On
the other hand, black hopes to use his pair of bishops in the long run.} 11. b3
{White does not want to determine the placement of his queenside knight yet.} (
{The alternative is} 11. Nc3) 11... d6 12. Bb2 f5 {Logical attempt to open up
the position for the pair of bishops.} (12... Bd7 13. Nbd2 Rc8 14. Rc1 f5 {
--> 1-0 Kobalija,M-Roiz,M/Chalkidiki 2002/CBM 92 [Rabinovich,Al] (26)}) (12...
e5 13. Nbd2 Be6 14. Rc1 Qb6 15. dxe5 fxe5 16. Re3 Bh6 17. Rec3 Rac8 18. Qc2 Qa5
19. Rd1 $14 {1-0 Hracek,Z-Jakubiec,A/Czechia 2001/EXT 2003 (50)}) 13. Nbd2 (13.
Qc2 fxe4 14. Qxe4 Bd7 15. Nc3 Bf6 16. Qe3 Qa5 17. Rad1 Rae8 18. d5 cxd5 19.
Rxd5 Qb6 20. Qxb6 axb6 21. Rd2 $14 {1-0 Bologan,V-Yakovich,Y/Novgorod 1995/EXT
2000 (41)}) 13... fxe4 14. Nxe4 c5 $146 (14... Bd7 15. Rc1 Qa5 16. Bc3 Qd5 17.
Rc2 Nh6 18. Neg5 Nf5 19. Rce2 c5 20. Rxe7 Nxe7 21. Rxe7 $44 {1-0 Arkhipov,
S-Yakovich,Y/Elista 1994/CBM 44 (31)}) 15. Qd2 cxd4 16. Nxd4 Qb6 17. Rad1 e5
18. Nc2 Bb7 19. Nc3 {Transfering the knight to a blockading d5 square.} Ng5 20.
Nd5 Qd8 21. f4 $6 {I guess, that white was quite optimistic about his chances
at this point, but black's next move is like a thunder in a blue sky...} ({
After} 21. Na3 {[%cal Ya3c4] white keeps preferable chances.}) {[%tqu "En",
"What can black do?","","","f8f4","",15]} 21... Rxf4 $3 {[%mdl 640]} 22. Nxf4
exf4 23. Bxg7 (23. Nd4 $2 Nxh3+ $1 24. gxh3 Qg5+ 25. Kf1 Ba6+ 26. Ne2 Bxb2 $19)
{[%tqu "En","How should black continue?","","","g5h3","Another sacrifice,
which was surely planned by Oleksienko before playing 21...Rxf4.",10]} 23...
Nxh3+ $1 {Another sacrifice, which was surely planned by Oleksienko before
playing 21...Rxf4.} 24. Kh2 $4 {It looks like Fedorchuk got totally confused.
The move in the text is losing on the spot. The following variations confirm,
that after 24.gxh3 white could still achieve equality.} (24. gxh3 Qg5+ 25. Kf1
Ba6+ (25... Qg3 $6 26. Qf2 Ba6+ 27. Re2 Re8 28. Qxg3 Bxe2+ 29. Kg2 fxg3 30.
Rxd6 Kxg7 31. Rd7+ $14) 26. Re2 Re8 27. Rde1 (27. Nd4 Qg3 28. Nb5 Qxh3+ (28...
Qf3+ 29. Ke1 Qh1+ 30. Kf2 Qh2+ $11) 29. Kg1 Rxe2 30. Qxe2 Bxb5 31. Qxb5 Qg4+
32. Kf2 Qxd1 $11) 27... Qg3 28. Qd5+ Kxg7 29. Nd4 Re3 30. Qxd6 (30. Qg2 $2
Qxg2+ 31. Kxg2 Bxe2 32. Kf2 (32. Rxe2 $2 f3+ $19) 32... Bd3 33. Rxe3 fxe3+ 34.
Kxe3 Bf1 {and black should win the endgame.}) 30... Qxh3+ 31. Kf2 Qh4+ 32. Kf1
f3 33. Qxa6 fxe2+ 34. Rxe2 Qxd4 35. Qb7+ {and white gives a perpetual check.})
24... Qh4 {Now it's all over for white.} 25. Bf6 Qg3+ 26. Kh1 Nf2+ 0-1

[Event "Alushta Autumn 1st"]
[Site "Alushta"]
[Date "2004.09.05"]
[Round "13"]
[White "Ovetchkin, Roman"]
[Black "Hasangatin, Ramil"]
[Result "1-0"]
[WhiteElo "2475"]
[BlackElo "2485"]
[Annotator "Postny,E"]
[PlyCount "51"]
[EventDate "2004.08.28"]
[EventType "tourn"]
[EventRounds "15"]
[EventCountry "UKR"]
[EventCategory "9"]
[SourceTitle "CBM 103"]
[Source "ChessBase"]
[SourceDate "2004.11.11"]
[SourceVersion "1"]
[SourceVersionDate "2004.11.11"]
[SourceQuality "1"]

1. e4 c5 2. Nf3 Nc6 3. Bb5 g6 4. Bxc6 dxc6 5. d3 Bg7 6. h3 {A useful move,
which restricts the possibilities of Bc8.} e5 7. Be3 (7. a3 Qe7 8. Nbd2 Nf6 9.
b4 {--> 1/2-1/2 Grischuk,A-Radjabov,T/Bastia 2003/CBM 98 [Erenburg] (22)}) 7...
Qe7 8. Qd2 Nf6 9. Nc3 {Other plans are also possible.} (9. Bh6 Bxh6 10. Qxh6
Nd7 11. Nc3 f6 12. Nd2 Nf8 13. f4 exf4 14. Qxf4 Be6 15. O-O Nd7 16. Rae1 $14 {
1-0 Rublevsky,S-Georgiev,K/Panormo 2001/CBM 84 ext (48)}) (9. Qc3 $5 Nd7 10. a3
O-O 11. b4 Re8 12. Nbd2 Bf8 13. Rb1 b5 14. O-O a6 15. Nb3 cxb4 16. axb4 Qd6 $13
{0-1 Tseitlin,M-Degraeve,J/Groningen 1995/CBM 50 ext (45)}) 9... h6 {
Preventing possible Be3-h6 manoeuvre and also waiting for white's decision of
castling...} ({The alternatives are:} 9... O-O) (9... Nd7) 10. O-O Nd7 {
Transfering the knight to e6, where it controls important d4 and f4 squares.}
11. Nh2 {Preparing the f2-f4 push.} Nf8 12. Ne2 {White refrains from the
immediate f2-f4 which is the main line here.} (12. f4 exf4 13. Rxf4 (13. Bxf4 {
--> 1-0 Galdunts,S-Jakubiec,A/Griesheim 2002/CBM 88 [Finkel] (45)}) 13... Be6 (
13... Ne6 14. Rf2 Nd4 15. Raf1 Be6 {--> 1-0 Pikula,D-Kovacevic,A/Banja
Koviljaca 2002/CBM 89 [Postny,E] (35)}) 14. Raf1 (14. Rf2 Nd7 15. Ne2 O-O-O 16.
Raf1 {--> 0-1 Rublevsky,S-McShane,L/Istanbul 2003/CBM 96 [Meyer,CD] (59)})
14... Nd7 15. R4f2 b6 16. Ng4 {--> 1-0 Grischuk,A-Radjabov,T/Bastia 2003/CBM
98 [Erenburg] (41)}) 12... Ne6 13. a3 (13. c3 b6 14. Rad1 (14. f4 exf4 15. Nxf4
Nxf4 16. Bxf4 Be6 17. a4 Rd8 18. a5 g5 19. Bg3 O-O $11 {1/2-1/2 Garcia,
G-Zambrana,O/Buenos Aires 2003/CBM 97 (42)}) 14... Ba6 15. f4 Rd8 16. Qc2 exf4
17. Nxf4 O-O $11 {1-0 Fiorito,F-Rodriguez,J/Buenos Aires 2003/CBM 97 ext (54)})
13... a5 $146 (13... Nd4 14. b4 Be6 15. bxc5 Qxc5 16. Bxd4 exd4 17. Qb4 b6 18.
Nf3 O-O-O 19. Qxc5 bxc5 20. Nf4 Bd7 $13 {1/2-1/2 Svidler,P-Kasparov,G/Moscow
2004 (58)}) 14. c3 a4 {Preventing white's possible b2-b4 thrust.} 15. Rae1 {
White concentares all his forces towards the centre, before performing the
f2-f4 thrust.} b6 {Preparing to develope the light-squared bishop to the
diagonal a6-f1.} 16. f4 exf4 17. Nxf4 Ba6 18. Nxe6 Qxe6 19. Ng4 O-O-O $2 {
This mistake is connected with miscalculations.} ({Necessary was} 19... h5 20.
Nf2 {with approximate equality.}) 20. Bxh6 $1 Bxh6 (20... Rxd3 $2 21. Qg5 Bxh6
(21... Rxh3 $2 22. gxh3 Bxh6 23. Nxh6 Bxf1 24. Rxf1 Qxh3 25. Qg4+ $18) 22. Nxh6
$16) (20... Bxd3 21. Bxg7 Bxf1 22. Qf4 Rhg8 23. Bf6 $1 $36 (23. Qxf1 $6 Rxg7
24. Qa6+ Kc7 25. Qa7+ Kc8 26. Qxb6 f5 $13)) 21. Nxh6 Bxd3 $2 {The losing move.}
({The least of the evils for black was} 21... Rxd3 22. Qg5 Rh7 23. Rf6 Qd7 $16)
22. Rxf7 $1 g5 (22... Rxh6 23. Qf4 {[%csl Rc7]} Rd6 24. Rf8+ {followed by 25.
Qxh6 +-.}) 23. Qxg5 Rxh6 24. Qg7 {This move was probably overlooked by
Hasangatin in his preliminary calculations. Black is not able to avoid huge
material losses.} Rd7 25. Rxd7 Rg6 26. Rc7+ 1-0